| 000 | 01965nam a22001937a 4500 | ||
|---|---|---|---|
| 999 |
_c6822 _d6822 |
||
| 003 | AR-CdUCM | ||
| 008 | 190315b ||||| |||| 00| 0 spa d | ||
| 040 |
_aMUNICIPALIDAD PROVINCIAL DEL CUSCO _cBIBLIOTECA MUNICIPAL DEL CUSCO |
||
| 082 |
_a030 / _bE86 |
||
| 110 |
_aEspasa - Calpe _918256 |
||
| 245 |
_aEnciclopedia Universal Ilustrada : _bEuropeo - Americano (suplemento anual 1959 - 1960) / |
||
| 260 |
_aMadrid : _bEspasa - Calpe, _c1958 |
||
| 300 |
_a511 páginas ; _bimágenes, fotografías, ilustraciones. _c25 cm. |
||
| 500 | _at.36: mal estado, para taller -- t.38: en mal estado, algunas hojas dañadas -- t.43: en mal estado, para taller (faltan páginas desde el inicio hasta el 192) -- t.47: en mal estado, para taller -- t.45: en mal estado, para taller y hojas deterioradas -- t.59: faltan páginas | ||
| 505 | _aContenido: t.7: enciclopedia universal ilustrada, apéndice -- t.8: enciclopedia universal ilustrada, apéndice -- t.9: enciclopedia universal ilustrada, apéndice -- t.10: enciclopedia universal ilustrada, apéndice -- t.36: enciclopedia universal ilustrada -- t.37: enciclopedia universal ilustrada t.38: enciclopedia universal ilustrada -- t.39: enciclopedia universal ilustrada -- t.40:enciclopedia universal ilustrada t.41: enciclopedia universal ilustrada -- t.42: enciclopedia universal ilustrada -- t.43: enciclopedia universal ilustrada -- t.44: enciclopedia universal ilustrada -- t.45: enciclopedia universal ilustrada -- t.46: enciclopedia universal ilustrada -- t.47: enciclopedia universal ilustrada -- t.48: enciclopedia universal ilustrada -- t.56: enciclopedia universal ilustrada -- t.57: enciclopedia universal ilustrada -- t.58: enciclopedia universal ilustrada -- t.59: enciclopedia universal ilustrada -- t.60: enciclopedia universal ilustrada -- t.61: enciclopedia universal ilustrada -- t.62: enciclopedia universal ilustrada. | ||
| 650 |
_aEnciclopedia Universal. _918257 |
||
| 942 |
_2ddc _cLIBROS |
||
| 945 | _awfj | ||